000 00325nam a22001337a 4500
003 OSt
008 241223b |||||||| |||| 00| 0 eng d
020 _a9788174092793
082 _a621.317
_bBIM/PO
100 _aBimbhra, P.S
_96503
245 _aPower electronics
260 _aNew Delhi
_bKhanna Publishers
_c2012
942 _cBK
999 _c13912
_d13912